[Event "FRA-ch U14"]
[Site "Gonfreville"]
[Date "2016.04.15"]
[Round "7.8"]
[White "Hue, Victor"]
[Black "Travadon, Loic"]
[Result "0-1"]
[WhiteElo "1819"]
[BlackElo "2203"]
[PlyCount "120"]
[EventDate "2016.04.22"]
[EventType "swiss"]
[EventRounds "9"]
[EventCountry "FRA"]
[SourceTitle "EXT 2019"]
[Source "ChessBase"]
[SourceDate "2018.10.10"]
[SourceVersion "1"]
[SourceVersionDate "2018.10.10"]
[SourceQuality "1"]

1. e4 c5 2. Nf3 Nc6 3. d4 cxd4 4. Nxd4 g6 5. Be3 Bg7 6. Nc3 Nf6 7. Bc4 0-0 8. Bb3 d6 9. f3 Nd7 10. Qd2 Nb6 11. Nxc6 bxc6 12. 0-0 Ba6 13. Rfd1 c5 14. a3 Nc4 15. Bxc4 Bxc4 16. Rab1 f5 17. Bh6 Bd4+ 18. Be3 Be5 19. Bf4 Bd4+ 20. Be3 Bh8 21. b4 fxe4 22. Nxe4 cxb4 23. Rxb4 d5 24. Ng5 Qd6 25. Qf2 Qc6 26. Qh4 h5 27. Rdb1 Ba2 28. Rc1 Bc3 29. Rg4 e5 30. Rg3 Bb2 31. Rf1 d4 32. Bf2 Rf4 33. Qh3 Bd5 34. Re1 Bxa3 35. Ne4 Kh7 36. Rg5 Bxe4 37. fxe4 Rxf2 38. Kxf2 Qf6+ 39. Kg1 Qxg5 40. Qxa3 Kh6 41. Rf1 Qe3+ 42. Qxe3+ dxe3 43. Rc1 Kg5 44. g3 Rf8 45. c4 Kg4 46. c5 Rb8 47. c6 Kf3 48. c7 Rc8 49. Kf1 a5 50. Rc4 a4 51. Rxa4 Rxc7 52. Ra1 Rc2 53. h4 Rf2+ 54. Kg1 Kxg3 55. Ra3 Kf3 56. Ra6 Rb2 57. Rf6+ Kxe4 58. Ra6 Rb1+ 59. Kg2 e2 60. Ra4+ Kf5 0-1

[Event "FRA-ch U12"]
[Site "Pau"]
[Date "2015.04.27"]
[Round "2"]
[White "Hue, Victor"]
[Black "Dedenon, Quentin"]
[Result "0-1"]
[WhiteElo "1904"]
[BlackElo "1648"]
[PlyCount "106"]
[EventDate "2015.04.26"]
[EventType "swiss"]
[EventRounds "9"]
[EventCountry "FRA"]
[SourceTitle "CBM 166 Extra"]
[Source "ChessBase"]
[SourceDate "2015.06.18"]
[SourceVersion "1"]
[SourceVersionDate "2015.06.18"]
[SourceQuality "1"]

1. e4 e6 2. d4 d5 3. exd5 exd5 4. Bd3 Bd6 5. h3 Ne7 6. Nf3 0-0 7. 0-0 Bf5 8. Re1 Bxd3 9. Qxd3 c6 10. Ng5 Ng6 11. h4 Re8 12. Be3 Nd7 13. g3 Qc7 14. h5 Ngf8 15. Kg2 h6 16. Nf3 Nf6 17. Rh1 Ne4 18. Rh3 Re6 19. Nc3 Rae8 20. Re1 Nh7 21. Ne2 Nhf6 22. Bf4 Ng4 23. Rf1 Nexf2 24. Bxd6 Qxd6 25. Rxf2 Nxf2 26. Kxf2 Rxe2+ 27. Kf1 R2e3 28. Qf5 Qe6 29. Qxe6 R8xe6 30. g4 Re2 31. Rh2 Rxh2 32. Nxh2 Kf8 33. Kf2 Ke7 34. c3 Kf6 35. Nf3 g5 36. Nd2 Ke7 37. Nb3 b6 38. Nc1 f5 39. gxf5 Rf6 40. Nd3 Rxf5+ 41. Kg3 Ke6 42. a3 a5 43. a4 Rf1 44. Kg2 Ra1 45. Ne5 Rxa4 46. Nxc6 Ra2 47. Nd8+ Kf6 48. Nc6 Rxb2+ 49. Kf3 a4 50. Nb4 Rxb4 51. cxb4 a3 52. b5 a2 53. Kg4 a1Q 0-1

[Event "FRA-ch U12"]
[Site "Montbeliard"]
[Date "2014.04.22"]
[Round "3"]
[White "Hue, Victor"]
[Black "Vlachos, Anatole"]
[Result "0-1"]
[WhiteElo "1612"]
[BlackElo "1843"]
[PlyCount "102"]
[EventDate "2014.04.21"]
[EventType "swiss"]
[EventRounds "9"]
[EventCountry "FRA"]
[SourceTitle "CBM 160 Extra"]
[Source "ChessBase"]
[SourceDate "2014.07.01"]
[SourceVersion "1"]
[SourceVersionDate "2014.07.01"]
[SourceQuality "1"]

1. e4 c5 2. d4 cxd4 3. c3 Nf6 4. e5 Nd5 5. Nf3 Nc6 6. cxd4 d6 7. Be2 g6 8. Qb3 Nb6 9. Nc3 Bg7 10. Bf4 dxe5 11. dxe5 Be6 12. Qc2 a6 13. 0-0 0-0 14. Rfe1 Qc7 15. Bf1 Rfd8 16. Bg3 Nd4 17. Nxd4 Rxd4 18. Rac1 Rc8 19. Qb1 Bh6 20. f4 Qd7 21. Ne2 Rd2 22. Rxc8+ Qxc8 23. Rc1 Qd7 24. Be1 Rd3 25. Nc3 Bxf4 26. Bxd3 Bxc1 27. Bxg6 Be3+ 28. Kh1 hxg6 29. Qe4 Bd2 30. Bf2 Bxc3 31. bxc3 Qd1+ 32. Bg1 Bd5 33. Qh4 Qf1 34. Qg5 Nc4 35. e6 Ne3 36. exf7+ Kxf7 37. h3 Qxg2+ 38. Qxg2 Nxg2 39. Kh2 Nh4 40. Bf2 Nf5 41. a3 e5 42. Kg1 e4 43. Kf1 e3 44. Be1 Bc4+ 45. Kg2 e2 46. Kf2 Ke6 47. Kf3 Kd5 48. Bf2 Bd3 49. Kf4 Kc4 50. Kg5 Kxc3 51. Kxg6 Kd2 0-1

[Event "Syre Memorial op 36th"]
[Site "Issy les Moulineaux"]
[Date "2013.05.12"]
[Round "6"]
[White "Carre, Sylvain"]
[Black "Hue, Victor"]
[Result "1-0"]
[WhiteElo "2176"]
[BlackElo "1494"]
[PlyCount "119"]
[EventDate "2013.05.08"]
[EventType "swiss"]
[EventRounds "7"]
[EventCountry "FRA"]
[SourceTitle "EXT 2015"]
[Source "ChessBase"]
[SourceDate "2014.11.20"]
[SourceVersion "1"]
[SourceVersionDate "2014.11.20"]
[SourceQuality "1"]

1. d4 d5 2. Bf4 e6 3. e3 Nf6 4. Nd2 Be7 5. Bd3 c6 6. Ngf3 Nbd7 7. 0-0 0-0 8. Ne5 Re8 9. Qf3 Bf8 10. Qh3 g6 11. Bg5 Bg7 12. Qh4 Qa5 13. Ndf3 Ne4 14. Nxd7 Bxd7 15. Bxe4 dxe4 16. Qxe4 e5 17. Qh4 e4 18. Ne5 Bxe5 19. dxe5 Rxe5 20. Bf6 Rf5 21. Bc3 Qc7 22. Qxe4 Rh5 23. h3 c5 24. Rad1 Bc6 25. Qf4 Qxf4 26. exf4 Rf5 27. g3 Bf3 28. Rd7 Rh5 29. h4 h6 30. Re1 g5 31. fxg5 hxg5 32. Re5 gxh4 33. Rxh5 Bxh5 34. gxh4 Bf3 35. Kh2 Bc6 36. Rd3 Kh7 37. Be5 Rg8 38. Bg3 Rg4 39. Kh3 Rd4 40. Rxd4 cxd4 41. Be5 Be4 42. Bxd4 Bxc2 43. Bxa7 Kh6 44. Bb8 Kh5 45. Bg3 Bf5+ 46. Kg2 Be6 47. a3 Bb3 48. Kf3 Bd5+ 49. Kf4 Be6 50. Ke5 b5 51. Kd4 Bc4 52. Kc5 Be2 53. b3 Kg6 54. a4 bxa4 55. bxa4 Kf6 56. Kb6 Ke6 57. a5 Kd7 58. a6 Ke6 59. a7 Bf3 60. Kc7 1-0